000 00671nam a2200241Ia 4500
001 43013
005 20240114003530.0
007 ta
008 080801s345 g b000 u 346 u
040 _aCotton College Assam
041 _a346
082 _a891.4409
_bG 155 B
100 _aGangopadhay, Upendranath .
245 0 _aBanglabhasar Restrabasha Haibar Dabi /
_cUpendranath Gangopadhay.
_hTextual Documents
250 _aist ed /
260 _aNot Seen :
_bNot Found ,
_c1345 Sal.
300 _a31pg ;
_c18cm.
653 _aBanglabhasar- Restrabasha - Dabi
653 _aT/G-Bengali
942 _2ddc
_cBK
999 _c42979
_d42979